Southville International School and Colleges
Your cart is empty.
  • Cart
  • Lists
    Public lists Eva Luna New books Lux_list list_1
    Your lists Log in to create your own lists
  • Log in to your account
  • Your cookies
  • Search history
Southville International School and Colleges
  • Advanced search
  • Recent comments
  • Most popular
  • Libraries

Log in to your account

Log in with GOOGLE


If you do not have an external account, but do have a local account, you can still log in:

  1. Home
  2. MARC view: Curriculum Planning and Teaching :
Normal view MARC view ISBD view

Curriculum Planning and Teaching : (Record no. 20149)

[ view plain ]
MARC details
000 -LEADER
fixed length control field 00570nam a2200193 a 4500
005 - DATE AND TIME OF LATEST TRANSACTION
control field 20140310183212.0
008 - FIXED-LENGTH DATA ELEMENTS--GENERAL INFORMATION
fixed length control field 030426s19uu xx 00 eng d
020 ## - INTERNATIONAL STANDARD BOOK NUMBER
International Standard Book Number 0810841932
050 ## - LIBRARY OF CONGRESS CALL NUMBER
Classification number Z 711.2
Item number .Ur7 2001
100 ## - MAIN ENTRY--PERSONAL NAME
Personal name Urbanik, Kay Mary
245 ## - TITLE STATEMENT
Title Curriculum Planning and Teaching :
Remainder of title Using the Library Media Center /
Statement of responsibility, etc Mary Kay Urbanik.
300 ## - PHYSICAL DESCRIPTION
Extent 164 p. :
Other physical details ill. ;
Dimensions 22 cm.
521 ## - TARGET AUDIENCE NOTE
Target audience note
650 ## - SUBJECT ADDED ENTRY--TOPICAL TERM
Topical term or geographic name as entry element Curriculum planning.
650 ## - SUBJECT ADDED ENTRY--TOPICAL TERM
Topical term or geographic name as entry element Teaching-Aids and devices.
650 ## - SUBJECT ADDED ENTRY--TOPICAL TERM
Topical term or geographic name as entry element Libraries and education.
942 ## - ADDED ENTRY ELEMENTS (KOHA)
Koha item type Books
Source of classification or shelving scheme Library of Congress Classification
Call number prefix Foreign
Holdings
Withdrawn status Lost status Source of classification or shelving scheme Damaged status Home library Current library Shelving location Date acquired Cost, normal purchase price Total Checkouts Total Renewals Full call number Barcode Date last seen Date checked out Copy number Price effective from Koha item type
    Library of Congress Classification   College Library College Library General Circulation Section 04/26/2003 2080.00 1 5 Z 711.2 .Ur7 2001 C2329 05/15/2018 11/06/2015 1 10/10/2013 Books

Curriculum Planning and Teaching :

APA

Urbanik K. M., .Curriculum Planning and Teaching. : .

Chicago

Urbanik Kay Mary, .Curriculum Planning and Teaching. : .

Harvard

Urbanik K. M., .Curriculum Planning and Teaching. : .

MLA

Urbanik Kay Mary, .: . .

  • Place hold
  • Print
  • Cite
  • Add to your cart (remove)
  • Save record
    BIBTEX Dublin Core MARCXML MARC (non-Unicode/MARC-8) MARC (Unicode/UTF-8) MARC (Unicode/UTF-8, Standard) MODS (XML) RIS
  • More searches
    Search for this title in:
    Other Libraries (WorldCat) Other Databases (Google Scholar) Online Stores (Bookfinder.com) Open Library (openlibrary.org)

Exporting to Dublin Core...

SOUTHVILLE LIBRARY

Southville International School and Colleges Library

1281 Tropical Ave. Cor. Luxembourg St., BF Homes International, Las Pinas City

Tel. No. 8256374 / 252358 Loc. 117/146

Powered by Koha